00530pam a2200133 a 4500020001500000082001400015100002300029245019600052260005000248300002600298650002300324650002600347700002300373 a044667387700a306/.09511 aSeligman, Scott D.10aChinese business etiquette :ba guide to protocol, manners, and culture in the People's Republic of China /cScott D. Seligman ; foreword by Robert A. Kapp ; illustrations by Edward J. Trenn. aNew York :bGrand Central Publishing cc1999. axxi, 281 p. ;c20 cm. 0aBusiness etiquette 0aCorporations, Foreign1 aSeligman, Scott D.